000 nam a22 7a 4500
999 _c8910
_d8910
008 180120b ||||| |||| 00| 0 eng d
100 _aRmachandran K
_95225
245 _aLets grow with composite maths
260 _aNew Delhi
_bArya Publication
_c2008